| 000 | 00627nas a2200241 a 4500 | ||
|---|---|---|---|
| 001 | 000476803 | ||
| 003 | AM-YeHGA | ||
| 005 | 20250617134017.0 | ||
| 008 | 060224c19269999caumr1p 0 0arm d | ||
| 040 | _aAM-YeHGA | ||
| 041 | 0 | _aarm | |
| 222 | 0 | _aԼոյս | |
| 245 | 0 | 0 |
_aԼոյս = _bThe louyce. |
| 246 | 3 | 1 | _aThe louyce |
| 260 |
_aԲերքլեյ : _bԱ.հ., _c1926-. |
||
| 300 | _aՏարի | ||
| 310 | _aԱմենամսյա | ||
| 362 | 0 | _a1926- | |
| 650 | 0 | 4 | _aԱմսագիր |
| 650 | 1 | 4 |
_aՍփյուռքահայ գաղթօջախներ _zԱՄՆ _vՊարբերականներ |
| 942 |
_2udc _cCR |
||
| 090 | _c176271 | ||
| 999 |
_c174829 _d174829 |
||